|
|
|
|
| LEADER |
00000nam0a2200000 4500 |
| 001 |
363819 |
| 005 |
20231102011627.0 |
| 035 |
|
|
|a (RuTPU)RU\TPU\retro\21166
|
| 090 |
|
|
|a 363819
|
| 100 |
|
|
|a 20211012d1981 m y0rusy50 ca
|
| 101 |
1 |
|
|a fre
|c rus
|
| 102 |
|
|
|a RU
|
| 105 |
|
|
|a a j 001zy
|
| 200 |
1 |
|
|a Сборник задач по классической механике
|f Г. Л. Коткин, В. Г. Сербо
|g пер. О. Парчевского
|d Recueil de Problemes de Mecanique Classique
|
| 210 |
|
|
|a Москва
|c Мир
|d 1981
|
| 215 |
|
|
|a 301 с.
|c ил.
|
| 300 |
|
|
|a На фр. яз.
|
| 320 |
|
|
|a Библиогр.: с. 308-309
|
| 454 |
|
1 |
|0 (RuTPU)RU\TPU\book\80104
|t Сборник задач по классической механике
|o учебное пособие для студентов физических специальностей университетов
|f Г. Л. Коткин, В. Г. Сербо
|e 2-е изд., испр. и доп.
|c Москва
|n Наука
|d 1977
|p 819 с.
|a Коткин, Глеб Леонидович
|
| 510 |
1 |
|
|a Recueil de Problemes de Mecanique Classique
|z fre
|
| 606 |
1 |
|
|a Механика
|2 stltpush
|3 (RuTPU)RU\TPU\subj\67812
|9 83462
|
| 610 |
1 |
|
|a интегрирование
|
| 610 |
1 |
|
|a сечения
|
| 610 |
1 |
|
|a уравнения движения
|
| 610 |
1 |
|
|a законы сохранения
|
| 610 |
1 |
|
|a малые колебания
|
| 610 |
1 |
|
|a уравнения Гамильтона
|
| 610 |
1 |
|
|a уравнения Гамильтона-Якоби
|
| 610 |
1 |
|
|a канонические преобразования
|
| 610 |
1 |
|
|a частицы
|
| 610 |
1 |
|
|a столкновения
|
| 610 |
1 |
|
|a задачи
|
| 610 |
1 |
|
|a учебные пособия
|
| 610 |
1 |
|
|a французский язык
|
| 675 |
|
|
|a 531(076)
|v 4
|
| 700 |
|
1 |
|a Коткин
|b Г. Л.
|g Глеб Леонидович
|
| 701 |
|
1 |
|a Сербо
|b В. Г.
|g Валерий Георгиевич
|
| 702 |
|
1 |
|a Парчевский
|b О.
|g Олег
|4 730
|
| 801 |
|
1 |
|a RU
|b 63413507
|c 20211012
|
| 801 |
|
2 |
|a RU
|b 63413507
|c 20211020
|g RCR
|
| 942 |
|
|
|c BK
|